| 000 | 01254cam a22003374a 4500 | ||
|---|---|---|---|
| 001 | 12941085 | ||
| 003 | OSt | ||
| 005 | 20231209110242.0 | ||
| 008 | 020923s2003 enka 001 0 eng | ||
| 010 | _a 2002036455 | ||
| 020 | _a0023762101 | ||
| 040 |
_aDLC _cDDC _dDLC |
||
| 042 | _apcc | ||
| 050 | 0 | 0 |
_aQH323.5 _b.B745 2003 |
| 082 | 0 | 0 | _a515 MAR 1987 |
| 100 | 1 |
_aMaron, M. J. _914652 |
|
| 245 | 1 | 0 | _aNumerical Analysis: a practical approach |
| 250 | _a2nd ed. | ||
| 260 |
_aNew York ; _bMacmillan publishing _cc1987 |
||
| 300 |
_axviii,534p; _bill. ; _c26 cm. |
||
| 440 | 0 |
_aSpringer undergraduate mathematics series _92818 |
|
| 500 | _aAppendices, bibliography & index included | ||
| 504 | _aIncludes; index | ||
| 650 | 0 |
_aNumerical analysis _95602 |
|
| 650 | 0 |
_aMathematics _9810 |
|
| 856 | 4 | 2 |
_3Publisher description _uhttp://www.loc.gov/catdir/enhancements/fy0817/2002036455-d.html |
| 856 | 4 | 1 |
_3Table of contents only _uhttp://www.loc.gov/catdir/enhancements/fy0817/2002036455-t.html |
| 906 |
_a7 _bcbc _corignew _d1 _eocip _f20 _gy-gencatlg |
||
| 942 |
_2ddc _cO_SHELF |
||
| 999 |
_c7110 _d7110 |
||